[Event "San Jose de David"]
[Site "San Jose de David"]
[Date "2020.02.14"]
[Round "8"]
[White "Gonzalez Palacio, Olmedo"]
[Black "Murillo Subia, Agustin"]
[Result "1-0"]
[WhiteElo "1606"]
[BlackElo "1665"]
[PlyCount "53"]
[EventDate "2020.02.11"]
[EventType "tourn"]
[EventRounds "9"]
[EventCountry "PAN"]
[SourceTitle "CBM 195 Extra"]
[Source "ChessBase"]
[SourceDate "2020.05.31"]
[SourceVersion "1"]
[SourceVersionDate "2020.05.31"]
[SourceQuality "1"]

1. e4 c5 2. Nf3 d6 3. d4 cxd4 4. Nxd4 Nf6 5. Bd3 e5 6. Nb3 Be7 7. c4 Nbd7 8. 0-0 a5 9. Nc3 a4 10. Nd2 Nc5 11. Bc2 Bd7 12. Qe2 0-0 13. Nb5 Bg4 14. f3 Be6 15. Nb1 Qb6 16. Be3 Qc6 17. N1c3 Na6 18. Nd5 Bxd5 19. exd5 Qd7 20. a3 Nc5 21. Bxc5 dxc5 22. d6 Bxd6 23. Rad1 Rfd8 24. Rxd6 Qe7 25. Rxd8+ Rxd8 26. Bxa4 h5 27. Re1 1-0

[Event "San Jose de David"]
[Site "San Jose de David"]
[Date "2020.02.13"]
[Round "6"]
[White "Gonzalez Palacio, Olmedo"]
[Black "Delgado Rosas, Alex Antonio"]
[Result "0-1"]
[WhiteElo "1606"]
[BlackElo "2102"]
[PlyCount "104"]
[EventDate "2020.02.11"]
[EventType "tourn"]
[EventRounds "9"]
[EventCountry "PAN"]
[SourceTitle "CBM 195 Extra"]
[Source "ChessBase"]
[SourceDate "2020.05.31"]
[SourceVersion "1"]
[SourceVersionDate "2020.05.31"]
[SourceQuality "1"]

1. e4 c5 2. Nf3 Nc6 3. d4 cxd4 4. Nxd4 Nf6 5. Nc3 d6 6. Bc4 e5 7. Nde2 Be7 8. Bg5 Be6 9. Bb3 0-0 10. 0-0 Rc8 11. Be3 Bxb3 12. axb3 a6 13. Ng3 Nb4 14. Rc1 d5 15. exd5 Nfxd5 16. Nxd5 Nxd5 17. Bd2 Bc5 18. Qg4 Nf6 19. Qe2 Qb6 20. b4 Bxb4 21. Bxb4 Qxb4 22. Qxe5 Rfe8 23. Qg5 h6 24. Qf5 Qxb2 25. Rb1 Qxc2 26. Rxb7 Re6 27. Rb8 Qc7 28. Rxc8+ Qxc8 29. Ra1 Qc3 30. Rb1 g6 31. Qf4 Re1+ 32. Rxe1 Qxe1+ 33. Nf1 Kg7 34. Qd2 Qa1 35. g3 a5 36. Kg2 a4 37. Ne3 a3 38. Nd1 h5 39. Nc3 Qb2 40. Qxb2 axb2 41. f3 g5 42. Kf2 Kg6 43. Ke2 h4 44. Kd2 g4 45. fxg4 Ne4+ 46. Kc2 Nxc3 47. Kxb2 hxg3 48. hxg3 Ne4 49. Kc2 Nxg3 50. Kd3 Kg5 51. Kd4 Kxg4 52. Ke5 f5 0-1

[Event "San Jose de David"]
[Site "San Jose de David"]
[Date "2020.02.12"]
[Round "3"]
[White "Vasconcellos, Jose"]
[Black "Gonzalez Palacio, Olmedo"]
[Result "1-0"]
[WhiteElo "2192"]
[BlackElo "1606"]
[PlyCount "87"]
[EventDate "2020.02.11"]
[EventType "tourn"]
[EventRounds "9"]
[EventCountry "PAN"]
[SourceTitle "CBM 195 Extra"]
[Source "ChessBase"]
[SourceDate "2020.05.31"]
[SourceVersion "1"]
[SourceVersionDate "2020.05.31"]
[SourceQuality "1"]

1. e4 e5 2. Nf3 Nc6 3. Bb5 a6 4. Ba4 Nf6 5. 0-0 Bc5 6. c3 b5 7. Bb3 Nxe4 8. d4 exd4 9. cxd4 Bb4 10. a3 Be7 11. d5 Na5 12. Bc2 Nf6 13. Bg5 0-0 14. Qd3 g6 15. Bd2 Nc4 16. Bc3 d6 17. Bb3 Bf5 18. Qd1 Ne4 19. Nd4 Ne5 20. Nxf5 gxf5 21. Qh5 f6 22. Qxf5 Nxc3 23. Nxc3 Rf7 24. f4 Qd7 25. fxe5 Qxf5 26. Rxf5 fxe5 27. Rxf7 Kxf7 28. Rf1+ Ke8 29. a4 b4 30. Ne4 Kd7 31. a5 Rg8 32. Rf7 Ke8 33. Rxh7 Rg4 34. Ba4+ Kf8 35. Nf2 Rd4 36. g4 Rxd5 37. Bb3 Rxa5 38. h4 d5 39. g5 c5 40. Bxd5 Ra1+ 41. Kg2 Rb1 42. g6 Bxh4 43. Rxh4 Kg7 44. b3 1-0